| 000 | 00804nam a22002297a 4500 | ||
|---|---|---|---|
| 999 |
_c14752 _d14752 |
||
| 003 | AR-CdUCM | ||
| 008 | 190415b ||||| |||| 00| 0 spa d | ||
| 020 | _a978-9972-59-552-3 | ||
| 040 |
_aMUNICIPALIDAD PROVINCIAL DEL CUSCO _cBIBLIOTECA MUNICIPAL DEL CUSCO |
||
| 082 |
_aEP / 808.06 / _bZ97 |
||
| 100 |
_aZúñiga Rivera, Daniel _933634 |
||
| 245 |
_aAnne Bonny y Mary Read : _bLas hijas del hierro / |
||
| 260 |
_aLima : _bCorporación gráfica Navarrete S.A., _c2014. |
||
| 300 |
_a47 páginas ; _c21 cm. |
||
| 440 |
_aPiratas y navegantes. _n4 _933635 |
||
| 505 | _aContenido :Anne Bonny y Mary Read, las hijas del hierro . | ||
| 650 |
_aHistorietas infantiles _931778 |
||
| 650 |
_aCuentos _9217 |
||
| 700 |
_aAyala, Gabriel y Mateo. _931779 |
||
| 942 |
_2ddc _cLIBROS |
||
| 945 |
_arum _d2019-04-24 |
||